000 00599nam a2200241Ia 4500
005 20250425161750.0
008 250425s9999 xx 000 0 und d
020 _a9802540455
041 _aspa
082 _a633.3
100 _aGUZMÁN PÉREZ, JOSÉ EDUARDO
245 0 _aSOYA, AJONJOLI Y PALMA AFRICANA
250 _a1A ED.
260 _aCARACAS
260 _aVenezuela
_bESPANSANDE S.R.L
_c1991
300 _a207
500 _aSerie agricola vegetal; No. 15 - vol. 29
650 _aAJONJOLI
650 _aOLEAGINOSAS-CULTIVO
650 _aSOYA
942 _c01
010 _a28198
999 _c215673
_d215673